The history of stadistics: the measurement of uncertainty before 1900

Saved in:
Bibliographic Details
Main Author: Stigler, Stephen M (Author)
Format: Book
Language:English
Published: Cambridge Belknap Harvard 1986
Edition:1a. ed
Subjects:
Tags: Add Tag
No Tags, Be the first to tag this record!

MARC

LEADER 00000cam a2200000 a 4500
001 UCE9516
003 CL-VaPUC
008 151022e19860000us |||||||||||||||||eng|d
020 |a 0674403401 
082 0 4 |a 519.5  |b STI  |2 21 
100 0 |a Stigler, Stephen M  |e author  |9 582370 
245 1 4 |a The history of stadistics: the measurement of uncertainty before 1900 
250 |a 1a. ed 
300 |a 409 p 
942 |c BK 
945 |d 20151022 17:18:00  |a gsalatino 
260 |a Cambridge  |b Belknap Harvard  |c 1986 
650 0 |a Estadística   |9 259535 
650 0 |a Historia  |9 255047 
583 |a last modification  |c 20151027 03:09:26  |k Rodrigo Vera 
999 |c 361180  |d 361178 
952 |0 0  |1 0  |3 erd  |4 0  |6 519_500000000000000_STI_1986  |7 0  |8 A  |9 471544  |a BIBGIM  |b BIBGIM  |i 520724K  |o 519.5 STI 1986  |p 520724K  |r 2025-01-15  |w 2019-11-24  |y BK  |z Catalogado en:20151022  |k EST